[Event "Let's Play Chess!"]
[Site "http://www.queenalice.com/game.php?id=965404"]
[Date "2011.7.27"]
[Round "-"]
[White "hyeda"]
[Black "UIA"]
[Result "1-0"]
[WhiteElo "1304"]
[BlackElo "1513"]

1. e4 e5 2. Nf3 Nf6 3. Bc4 Nxe4 4. Nxe5 Nd6 5. Qh5 g6 6. Qf3 Qe7 7. Bxf7+ Nxf7
8. Qxf7+ Qxf7 9. Nxf7 Kxf7 10. O-O Bg7 11. Re1 d5 12. Nc3 d4 13. Nd5 a5 14. Re7+
Kf8 15. Rxc7 Nc6 16. Nb6 Ra6 17. Rxc8+ Kf7 18. Rc7+ Kf6 19. Rxb7 Nb4 20. Nd7+
Ke6 21. Nc5+ Kd5 22. Nxa6 Nxa6 23. Rxg7 Re8 24. f3 Nc5 25. Rxh7 d3 26. cxd3 Nxd3
27. Rd7+ Kc4 28. b3+ 1-0

[Event "AUTO-INT-2099"]
[Site "http://www.queenalice.com/game.php?id=965848"]
[Date "2011.7.28"]
[Round "1"]
[White "UIA"]
[Black "carlosjvega"]
[Result "1-0"]
[WhiteElo "1648"]
[BlackElo "1867"]

1. e4 e5 2. Nf3 Nc6 3. Bb5 d6 4. Bxc6+ bxc6 5. c3 Bg4 6. h3 Bxf3 7. Qxf3 Qf6 8.
Qe2 d5 9. exd5 cxd5 10. O-O Be7 11. Qb5+ c6 12. Qb7 Rd8 13. Qxa7 Nh6 14. d4 exd4
15. Bxh6 Qxh6 16. Re1 Qf6 17. cxd4 Qd6 18. Nc3 Qd7 19. Qa4 O-O 20. Qc2 Bb4 21.
a3 Bxc3 22. Qxc3 Rc8 23. b4 f5 24. f4 Qd6 25. g3 Rce8 26. Re5 Rxe5 27. fxe5 Qc7
28. Kg2 f4 29. Rf1 fxg3 30. Rxf8+ Kxf8 31. Qc5+ Kf7 32. Qd6 Qxd6 33. exd6 Ke6
34. Kxg3 Kxd6 35. Kg4 Kc7 36. Kg5 Kb6 37. a4 Kc7 38. h4 Kd6 39. h5 Ke6 40. Kf4
h6 41. a5 1-0

[Event "AUTO-INT-2099"]
[Site "http://www.queenalice.com/game.php?id=965849"]
[Date "2011.7.28"]
[Round "1"]
[White "carlosjvega"]
[Black "UIA"]
[Result "1-0"]
[WhiteElo "1795"]
[BlackElo "1671"]

1. e4 c6 2. d4 e6 3. Nf3 c5 4. c4 cxd4 5. Nxd4 Bc5 6. Be3 Qb6 7. Qd2 Bb4 8. Nc3
Qd8 9. a3 Bxc3 10. Qxc3 e5 11. Nf3 d6 12. O-O-O Nf6 13. Nxe5 Nxe4 14. Qd3 f5 15.
Qd5 Qf6 16. f3 dxe5 17. fxe4 f4 18. Bc5 Nc6 19. Bd6 Be6 20. Qb5 Bc8 21. c5 Qg5
22. Kb1 a6 23. Qc4 Nd4 24. Be2 Be6 25. Qd3 Qxg2 26. Bxe5 Qxe2 27. Qxd4 Rd8 28.
Qa4+ Bd7 29. Qc2 Qxc2+ 30. Kxc2 Ba4+ 31. b3 Rxd1 32. Rxd1 Bc6 33. Bxf4 O-O 34.
Bg3 Bxe4+ 35. Kc3 Rc8 36. b4 b6 37. Bd6 h5 38. Kd4 Bf3 39. Rf1 Be2 40. Rf2 Bg4
41. cxb6 Rd8 42. Kc5 Rc8+ 43. Bc7 Bd7 44. h4 Kh7 45. Kd6 1-0

[Event "AUTO-INT-2099"]
[Site "http://www.queenalice.com/game.php?id=965850"]
[Date "2011.7.28"]
[Round "1"]
[White "UIA"]
[Black "damanegra64"]
[Result "1-0"]
[WhiteElo "1531"]
[BlackElo "1753"]

1. e4 c6 2. e5 Qc7 3. Nf3 g6 4. c3 d5 5. c4 Bg7 6. d4 Bg4 7. h3 Bf5 8. c5 b6 9.
cxb6 axb6 10. a4 e6 11. Be2 Ne7 12. O-O Nd7 13. Nc3 h5 14. Bg5 Nc8 15. Nh4 Bh6
16. Bxh6 Rxh6 17. f3 g5 18. Nxf5 exf5 19. f4 1-0

[Event "AUTO-INT-2099"]
[Site "http://www.queenalice.com/game.php?id=965851"]
[Date "2011.7.28"]
[Round "1"]
[White "damanegra64"]
[Black "UIA"]
[Result "1-0"]
[WhiteElo "1722"]
[BlackElo "1508"]

1. e4 e5 2. f4 exf4 3. Nf3 c6 4. Bc4 Qb6 5. Nc3 Nf6 6. d4 Bb4 7. O-O Bxc3 8.
bxc3 Nxe4 9. Bxf7+ Kxf7 10. Ne5+ Kg8 11. Qh5 g6 12. Nxg6 Nf6 13. Qg5 Qd8 14.
Ne5+ Kf8 15. Rxf4 Rg8 16. Rxf6+ Ke7 17. Rg6+ 1-0

[Event "AUTO-INT-2099"]
[Site "http://www.queenalice.com/game.php?id=965852"]
[Date "2011.7.28"]
[Round "1"]
[White "UIA"]
[Black "torrenegra64"]
[Result "1-0"]
[WhiteElo "1556"]
[BlackElo "1579"]

1. e4 c6 2. e5 g6 3. d4 Bg7 4. Nf3 d6 5. exd6 exd6 6. c3 Nf6 7. Qb3 O-O 8. Bd3
Nbd7 9. O-O h6 10. Bxg6 d5 11. Bc2 Nb6 12. a4 Ne4 13. Re1 f5 14. h3 Kh8 15. Bd3
Qc7 16. a5 Nd7 17. Qd1 Ndf6 18. Ne5 Kg8 19. c4 Be6 20. c5 b6 21. axb6 axb6 22.
Rxa8 1-0

[Event "AUTO-INT-2099"]
[Site "http://www.queenalice.com/game.php?id=965853"]
[Date "2011.7.28"]
[Round "1"]
[White "torrenegra64"]
[Black "UIA"]
[Result "0-1"]
[WhiteElo "1599"]
[BlackElo "1511"]

1. e4 e5 2. f4 exf4 3. Nf3 c6 4. d4 c5 5. d5 Qf6 6. Bd3 Qg6 7. O-O d6 8. e5 Qh5
9. Bxf4 dxe5 10. Bxe5 Bg4 11. Bxb8 Rxb8 12. Bb5+ Kd8 13. Qe1 Nf6 14. Qa5+ b6 15.
Qxa7 Bd6 16. Nbd2 Qxd5 17. Rad1 c4 18. Nxc4 Qxb5 19. Nxd6 Qc5+ 20. Kh1 Nd7 0-1

[Event "AUTO-INT-2120"]
[Site "http://www.queenalice.com/game.php?id=974849"]
[Date "2011.8.20"]
[Round "1"]
[White "FranzMeM"]
[Black "UIA"]
[Result "1/2-1/2"]
[WhiteElo "1518"]
[BlackElo "1597"]

1. e4 e5 2. Nf3 Bc5 3. Nxe5 Qf6 4. Nd3 Bd4 5. c3 Bb6 6. Be2 a5 7. O-O d6 8. a4
Qg6 9. Nf4 Qg5 10. Nd5 Bh3 11. g3 Bxf1 12. Bxf1 Ra6 13. Bxa6 Nxa6 14. d3 Qd8 15.
Nxb6 cxb6 16. Be3 Nf6 17. Bg5 h6 18. Bxf6 Qxf6 19. d4 O-O 20. Nd2 Nc7 21. Nc4 d5
22. exd5 Nxd5 23. h4 Rc8 24. Ne5 Qf5 25. Qb3 Qe6 26. Re1 f6 27. Nd3 Qf5 28. Nf4
Rd8 29. Nxd5 Rxd5 30. Qxb6 Rd7 31. Qb3+ Kf8 32. Qa3+ Kg8 33. Qb3+ Kh8 34. Re8+
Kh7 35. Qg8+ Kg6 36. Re1 b6 37. Qe8+ Kh7 38. Qe2 Kh8 39. Qe8+ Kh7 40. Kh2 Qxf2+
41. Kh3 Qf5+ 42. g4 Qf3+ 43. Kh2 Qf2+ 44. Kh3 Qf3+ 45. Kh2 Qxg4 46. Re4 Qf5 47.
h5 Qf2+ 48. Kh3 Qf5+ 49. Kh4 Qf2+ 1/2-1/2

[Event "AUTO-INT-2120"]
[Site "http://www.queenalice.com/game.php?id=974850"]
[Date "2011.8.20"]
[Round "1"]
[White "UIA"]
[Black "FranzMeM"]
[Result "1-0"]
[WhiteElo "1583"]
[BlackElo "1532"]

1. e4 e5 2. Nf3 d6 3. c3 Be7 4. Qb3 Nh6 5. d4 exd4 6. Bxh6 gxh6 7. Bc4 O-O 8.
cxd4 b6 9. d5 a6 10. a4 Bd7 11. Bd3 Bg4 12. Nfd2 Bg5 13. Qc2 Bxd2+ 14. Nxd2 Qg5
15. f3 Bh5 16. O-O-O Nd7 17. Kb1 Ne5 18. Bf1 f6 19. Qxc7 Bg6 20. Qxd6 Ng4 21.
Qe6+ Bf7 22. Qxg4 Qxg4 23. fxg4 b5 24. a5 Bg6 25. h4 Rad8 26. Nb3 Bxe4+ 27. Bd3
Bxg2 28. Rhg1 Bxd5 29. Nc5 Bf7 30. Nxa6 Be8 31. Bxh7+ Kxh7 32. Rxd8 Kg8 33. Ka1
Bf7 34. Rd6 Bc4 35. Rgd1 Be2 36. R1d2 Bxg4 37. Nc7 b4 38. R2d4 Bc8 39. Rxb4 Bh3
40. a6 Kg7 41. a7 Bg2 42. Rg4+ 1-0

[Event "AUTO-INT-2120"]
[Site "http://www.queenalice.com/game.php?id=974865"]
[Date "2011.8.20"]
[Round "1"]
[White "rodriw02"]
[Black "UIA"]
[Result "0-1"]
[WhiteElo "1504"]
[BlackElo "1637"]

1. e4 e5 2. Nf3 d5 3. Nxe5 dxe4 4. Qe2 Nf6 5. Qc4 Be6 6. Qb5+ c6 7. Qxb7 Nbd7 8.
Qxc6 Rc8 9. Qb5 Rxc2 10. Nc3 Bd6 11. Nc6 Qc7 12. Kd1 Rxc3 13. bxc3 O-O 14. Nd4
Rb8 15. Qe2 Bc4 16. d3 Bxd3 17. Qe3 Ng4 18. Qh3 Nxf2+ 19. Ke1 Nxh3 20. gxh3
Qxc3+ 21. Kf2 Qxd4+ 22. Be3 Qxa1 23. Bg2 Qxa2+ 24. Kg1 Rb1+ 25. Bf1 Rxf1# 0-1

[Event "AUTO-INT-2120"]
[Site "http://www.queenalice.com/game.php?id=974866"]
[Date "2011.8.20"]
[Round "1"]
[White "UIA"]
[Black "rodriw02"]
[Result "1-0"]
[WhiteElo "1683"]
[BlackElo "1496"]

1. e4 e5 2. Nf3 f6 3. c3 g5 4. d4 d6 5. h3 Nc6 6. d5 Na5 7. Qa4+ Nc6 8. dxc6 b6
9. Bc4 Ne7 10. Qb3 Nxc6 11. Bf7+ Ke7 12. Bg8 Qe8 13. Bd5 Qd7 14. Bg8 Na5 15.
Qf7+ Kd8 16. Qxf8+ Qe8 17. Qxf6+ Qe7 18. Qxh8 Bd7 19. Bd5+ Be8 20. Bxa8 c5 21.
Bxg5 h6 22. Bxe7+ Kxe7 23. Bd5 Bd7 24. Qg7+ Kd8 25. Qxh6 Be8 26. Qxd6+ Kc8 27.
Nxe5 a6 28. Qxb6 1-0

[Event "AUTO-INT-2120"]
[Site "http://www.queenalice.com/game.php?id=974877"]
[Date "2011.8.20"]
[Round "1"]
[White "UIA"]
[Black "carpielo"]
[Result "1-0"]
[WhiteElo "1602"]
[BlackElo "1668"]

1. e4 e5 2. Nf3 Qf6 3. Bc4 Bc5 4. c3 Nh6 5. d4 Bb6 6. Bxh6 Qxh6 7. Nxe5 d5 8.
Bxd5 Be6 9. Bxb7 Qf4 10. Bxa8 O-O 11. O-O Nd7 12. Nxd7 Rxa8 13. Ne5 Qxe4 14. Nd2
Qd5 15. Ndf3 Bg4 16. Nxg4 f6 17. Ne3 Qe4 18. Nd2 Qe6 19. Qb3 1-0

[Event "AUTO-INT-2120"]
[Site "http://www.queenalice.com/game.php?id=974878"]
[Date "2011.8.20"]
[Round "1"]
[White "carpielo"]
[Black "UIA"]
[Result "1-0"]
[WhiteElo "1632"]
[BlackElo "1650"]

1. d4 c6 2. e4 e6 3. c4 d5 4. cxd5 cxd5 5. e5 Qb6 6. Na3 Bb4+ 7. Bd2 Qxd4 8. Nf3
Qxb2 9. Bxb4 Qxb4+ 10. Nd2 Qxa3 11. Be2 Qb2 12. Rc1 Qxe5 13. Rxc8+ Ke7 14. Qa4
Qa1+ 15. Bd1 Qe5+ 16. Be2 g6 17. Qe8+ Kf6 18. g4 g5 19. Nf3 Qa1+ 20. Bd1 Kg6 21.
Qd8 Nc6 22. Qxg5# 1-0

[Event "Let's Play Chess!"]
[Site "http://www.queenalice.com/game.php?id=978317"]
[Date "2011.8.29"]
[Round "-"]
[White "UIA"]
[Black "gabrielsibo"]
[Result "1-0"]
[WhiteElo "1667"]
[BlackElo "1156"]

1. e4 e5 2. Nf3 Nc6 3. Bb5 d6 4. Bxc6+ bxc6 5. c4 Nf6 6. d3 d5 7. Nxe5 dxe4 8.
d4 Bb7 9. c5 Nd7 10. Qb3 Nxe5 11. Qxb7 1-0

[Event "AUTO-BEG-494"]
[Site "http://www.queenalice.com/game.php?id=985841"]
[Date "2011.9.16"]
[Round "2"]
[White "walisonbh"]
[Black "UIA"]
[Result "0-1"]
[WhiteElo "1329"]
[BlackElo "1669"]

1. e4 c6 2. d3 e5 3. Nf3 Bc5 4. Nxe5 Qb6 5. Qf3 f6 6. Qh5+ g6 7. Nxg6 hxg6 8.
Qxh8 Kf8 9. Bh6+ Kf7 10. Qh7+ Ke8 11. Qxg8+ Ke7 12. Qf8+ Ke6 13. Qxc8 Bxf2+ 14.
Ke2 Bg1 15. g3 Qf2+ 16. Kd1 Qxf1+ 17. Kd2 Qf2+ 18. Kc3 Qd4+ 19. Kb3 Na6 20. Qxb7
Nc5+ 21. Ka3 Qa4# 0-1

[Event "AUTO-BEG-494"]
[Site "http://www.queenalice.com/game.php?id=985842"]
[Date "2011.9.16"]
[Round "2"]
[White "UIA"]
[Black "walisonbh"]
[Result "1-0"]
[WhiteElo "1664"]
[BlackElo "1332"]

1. e4 e5 2. Nf3 Nf6 3. Bc4 Nxe4 4. Nxe5 f6 5. Nf7 Qe7 6. O-O Rg8 7. Re1 f5 8. d3
Qc5 9. Qe2 d5 10. Be3 d4 11. Ng5 dxe3 12. Qxe3 Be7 13. Bxg8 Qxc2 14. Re2 Qd1+
15. Re1 Qc2 16. dxe4 Qxb2 17. exf5 Qxa1 18. Qxe7# 1-0

[Event "AUTO-BEG-494"]
[Site "http://www.queenalice.com/game.php?id=985845"]
[Date "2011.9.16"]
[Round "2"]
[White "UIA"]
[Black "WeffersoN_1988"]
[Result "0-1"]
[WhiteElo "1673"]
[BlackElo "1837"]

1. e4 e5 2. Nf3 Qf6 3. c4 Bc5 4. d3 h6 5. b3 g5 6. h3 d6 7. Bb2 Nc6 8. a3 g4 9.
hxg4 Bxg4 10. Be2 Nge7 11. Nbd2 O-O-O 12. b4 Bxf3 13. Bxf3 Bd4 14. Bxd4 Nxd4 15.
b5 b6 16. Qa4 Qg5 17. O-O-O Kb7 18. Kb1 Ra8 19. Rh5 Qg6 20. Rg1 Nxf3 21. Rgh1
Nxd2+ 22. Kc2 Nxe4 23. f3 Ng3 24. Rxh6 Rxh6 25. Rxh6 Qxh6 26. Qa6+ Kb8 0-1

[Event "AUTO-BEG-494"]
[Site "http://www.queenalice.com/game.php?id=985846"]
[Date "2011.9.16"]
[Round "2"]
[White "WeffersoN_1988"]
[Black "UIA"]
[Result "0-1"]
[WhiteElo "1840"]
[BlackElo "1660"]

1. e4 c6 2. Nc3 e5 3. d4 Bb4 4. dxe5 Bxc3+ 5. bxc3 Qa5 6. Qd4 c5 7. Qc4 Qc7 8.
Nf3 Ne7 9. Be3 b6 10. Qb3 h6 11. Bc4 O-O 12. O-O Nbc6 13. Bf4 Ng6 14. Bg3 Na5
15. Qa4 Qd8 16. Bd5 Rb8 17. e6 dxe6 18. Bxb8 exd5 19. Rfd1 Bd7 20. Qa3 Qxb8 21.
exd5 Bg4 22. Rd3 Bf5 23. Rd2 Nc4 24. Qb3 Nxd2 25. Nxd2 Qf4 26. Nc4 Be4 27. Ne3
Ne5 28. h3 Nf3+ 29. gxf3 Qxf3 30. Kf1 Qxh3+ 31. Ke2 Qf3+ 32. Kd2 Qxf2+ 33. Kc1
Qxe3+ 34. Kb2 Qe2 35. c4 Rd8 36. Rc1 Qd2 37. Qa4 Qb4+ 38. Qb3 h5 39. a3 Qxb3+
40. cxb3 a5 41. Kc3 f5 42. b4 axb4+ 43. axb4 h4 44. Re1 g5 45. bxc5 bxc5 46. Re2
h3 47. Rh2 g4 48. Kd2 Bg2 0-1

[Event "AUTO-BEG-492"]
[Site "http://www.queenalice.com/game.php?id=993728"]
[Date "2011.10.5"]
[Round "2"]
[White "UIA"]
[Black "robby"]
[Result "0-1"]
[WhiteElo "1692"]
[BlackElo "1403"]

1. e4 e5 2. Nf3 Nc6 3. Bc4 Nf6 4. d3 Nd4 5. Nxe5 d6 6. Nxf7 Qd7 7. Nxh8 Qg4 8.
Qxg4 Nxg4 9. O-O Nxc2 10. h3 Nxa1 11. hxg4 Bxg4 12. f3 Bh5 13. g4 Bf7 14. Nxf7
a6 15. Rf2 b5 16. Bd5 Rc8 17. Ng5 h6 18. Bc6+ Ke7 19. Nh3 g5 20. b3 Rb8 21. Bb2
Rb6 22. Bd5 c6 23. Bg8 Rb8 24. Bxa1 b4 25. f4 gxf4 26. Nxf4 d5 0-1

[Event "AUTO-BEG-492"]
[Site "http://www.queenalice.com/game.php?id=993729"]
[Date "2011.10.5"]
[Round "2"]
[White "robby"]
[Black "UIA"]
[Result "1-0"]
[WhiteElo "1425"]
[BlackElo "1664"]

1. e4 e5 2. Nf3 Nc6 3. Nc3 a6 4. Nd5 d6 5. d4 exd4 6. Nxd4 Ne5 7. f4 Ng4 8. h3
N4f6 9. Nxf6+ Nxf6 10. Bd3 c5 11. Nb3 b5 12. Be3 c4 13. Be2 cxb3 14. axb3 Nxe4
15. Qd4 Ng3 16. Rg1 Qc7 17. b4 Qxc2 18. Bd2 Nxe2 19. Kxe2 Qg6 20. Be3 Be7 21. f5
Bxf5 22. g4 Bd7 23. h4 O-O 24. h5 Qc2+ 25. Qd2 Qc4+ 26. Kf3 Bc6+ 27. Kg3 1-0

[Event "AUTO-BEG-492"]
[Site "http://www.queenalice.com/game.php?id=993730"]
[Date "2011.10.5"]
[Round "2"]
[White "UIA"]
[Black "Equeiroz"]
[Result "0-1"]
[WhiteElo "1619"]
[BlackElo "1592"]

1. e4 e5 2. Nf3 d6 3. h3 Be7 4. c3 Nf6 5. Bc4 O-O 6. a4 Nxe4 7. d3 Nc5 8. a5 Bf5
9. b4 Ncd7 10. Be3 a6 11. O-O b5 12. axb6 cxb6 13. b5 a5 14. Bb3 Nf6 15. Nh4 Bc8
16. Qf3 d5 17. g4 e4 18. dxe4 Nxe4 19. Ng2 Be6 20. Nf4 a4 21. Bc2 Nc5 22. Rd1
Nbd7 0-1

[Event "AUTO-BEG-492"]
[Site "http://www.queenalice.com/game.php?id=993731"]
[Date "2011.10.5"]
[Round "2"]
[White "Equeiroz"]
[Black "UIA"]
[Result "1-0"]
[WhiteElo "1573"]
[BlackElo "1638"]

1. e4 e5 2. Nf3 Nc6 3. Bb5 Nd4 4. Nxd4 exd4 5. O-O c6 6. Ba4 Bc5 7. d3 d6 8. Bf4
Be6 9. Nd2 a5 10. a3 b5 11. Bb3 Qf6 12. Bg3 Ne7 13. f4 a4 14. Bxe6 Qxe6 15. f5
Qc8 16. f6 gxf6 17. Bh4 Ng8 18. Bxf6 Nxf6 19. Rxf6 Qb7 20. Qf3 O-O-O 21. Rxf7
Qa6 22. Rf1 d5 23. Qf5+ 1-0